XML: the complete reference (Record no. 203146)

MARC details
000 -LEADER
fixed length control field 00379nam a2200157Ia 4500
008 - FIXED-LENGTH DATA ELEMENTS--GENERAL INFORMATION
fixed length control field 231221s9999 xx 000 0 und d
041 ## - LANGUAGE CODE
Language code of text/sound track or separate title English
082 ## - DEWEY DECIMAL CLASSIFICATION NUMBER
Classification number 001.6424XML WIL:1 R
100 ## - MAIN ENTRY--PERSONAL NAME
Personal name Williamson, Heather
245 #0 - TITLE STATEMENT
Title XML: the complete reference
260 ## - PUBLICATION, DISTRIBUTION, ETC.
Date of publication, distribution, etc. 2001
Name of publisher, distributor, etc. T M H
Place of publication, distribution, etc. New Delhi
300 ## - PHYSICAL DESCRIPTION
Extent xxvi+965
300 ## - PHYSICAL DESCRIPTION
Dimensions SE3440
650 ## - SUBJECT ADDED ENTRY--TOPICAL TERM
Topical term or geographic name entry element XML:
942 ## - ADDED ENTRY ELEMENTS (KOHA)
Koha item type Compact Disks
Holdings
Date last seen Total checkouts Full call number Accession number Price effective from Category Lost status Damaged status Department Withdrawn status Home library Current library Shelving location Entry date Vendor Grants Billnumber Billdate Currency symbol Conversion rate Discount Old discount
26/01/2024   001.6424XML WIL:1 R CD1936 26/01/2024 Compact Disks         Central Library Central Library     Sai Books SE/CS 5 12/10/2009 RS 1   20
26/01/2024   001.6424XML WIL:1 R CD1937 26/01/2024 Compact Disks         Central Library Central Library     Sai Books SE/CS 5 12/10/2009 RS 1   20
26/01/2024   001.6424XML WIL:1 R CD1938 26/01/2024 Compact Disks         Central Library Central Library     Sai Books SE/CS 5 12/10/2009 RS 1   20

© For any Suggestions or Query, please contact the library staff @ librarian@pes.edu or Phone: +9180 2672 1983/ 2108.